000 00950cam a22003013a 4500
001 27533
003 PGUSA
005 20140828083609.0
008 081214s2008||||xxu|||||s|||||000 1 eng d
040 _aPGUSA
_beng
042 _adc
050 4 _aPR
100 1 _aTrollope, Anthony,
_d1815-1882
245 1 4 _aThe Struggles of Brown, Jones, and Robinson :
_bBy One of the Firm
_h[electronic resource] /
_cAnthony Trollope
260 _bProject Gutenberg,
_c2008
506 _aPublic domain in the USA.
516 _aElectronic text
653 _aHumorous stories
653 _aAdvertising -- Fiction
653 _aClothing trade -- Fiction
653 _aSatire
653 _aGreat Britain -- Social life and customs -- 19th century -- Fiction
653 _aBusinessmen -- Fiction
653 _aMen's furnishing goods -- Fiction
830 0 _aProject Gutenberg
_v27533
856 4 0 _uhttp://www.gutenberg.org/ebooks/27533
942 _cEB
999 _c256788
_d256788